Score 0/22 Timer 02:00
2 Plays Today
Clue Answer % Correct
Cobbed vegetableCORN
95.3%
Wine stopperCORK
95.2%
Bambi DEER
95%
Atkinson characterBEAN
94.8%
Head of a college departmentDEAN
93.7%
The other white meatPORK
92.4%
Beginning of most letters?DEAR
89.5%
____ to Die - Del Rey albumBORN
89.5%
A place where ships amassPORT
89%
Sail carrierMAST
88.5%
Spendable money$ CASH $
87.4%
Clue Answer % Correct
Barrier at the entrance of a buildingDOOR
86.6%
Lacking sufficient fundsPOOR
85.6%
Capital of SwitzerlandBERN
85.2%
Someone that gets it doneDOER
84.7%
'It was' tense?PAST
84.5%
Hen houseCOOP
80.6%
What being with the in-crowd makes youCOOL
79.2%
Stand guardPOST
79.1%
An area of still waterPOOL
78.6%
Potato optionMASH
78.2%
Fields containing one plant$ CROP $
69.4%

Today's Daily Dose

Quick Pick
Colorful Movies

Get the Picture
Dog Breeds II

Remove Ads.
Support Sporcle.
Get the best of Sporcle when you Go Orange. This ad-free experience offers more features, more stats, and more fun while also helping to support Sporcle. Thank you for becoming a member.

You're not logged in!

Compare scores with friends on all Sporcle quizzes.
OR
Log In

Show Comments

Extras

Top Quizzes Today


Score Distribution

Your Account Isn't Verified!

In order to create a playlist on Sporcle, you need to verify the email address you used during registration. Go to your Sporcle Settings to finish the process.

Report this User

Report this user for behavior that violates our Community Guidelines.

Details: